| 000 | 00455nam a2200169Ia 4500 | ||
|---|---|---|---|
| 003 | IN-BaIIA | ||
| 008 | 211028s9999 xx 000 0 eng d | ||
| 040 | _cIIA Library | ||
| 080 |
_a92:52 _bLOC |
||
| 100 |
_aLockyer,T. M. _91223 |
||
| 245 | 0 |
_aLife and work of Sir Norman Lockyer _cLockyer T. M. and W. L. Lockyer |
|
| 260 |
_aLondon _bMacmillan _c1928 |
||
| 300 | _axii,.474p. | ||
| 650 |
_aBiography _91224 |
||
| 700 |
_aW. L. Lockyer _91225 |
||
| 942 | _cBK | ||
| 999 |
_c543 _d543 |
||